Kinh tế châu Á bước vào thế kỷ 21 /

Bốn Rồng con khiến thế giới trầm trồ; Các nước ASEAN đứng dậy nhanh chóng. Nhật Bản cường quốc kinh tế thế giới. Trung Quốc tràn đầy sức sống với thời cơ mới...

Guardat en:
Dades bibliogràfiques
Autor principal: Lưu Vĩnh Đoạn.
Altres autors: Lê Văn Thanh (dịch.)
Format: Llibre
Idioma:Vietnamese
Publicat: Hà Nội : Nông nghiệp, 1999.
Matèries:
Etiquetes: Afegir etiqueta
Sense etiquetes, Sigues el primer a etiquetar aquest registre!
Thư viện lưu trữ: Mạng thư viện Đại học Đà Nẵng
LEADER 01159cam a2200361 i 4500
001 000043176
003 1051
005 20041029151232.0
008 010217b1999 vm 000 vie
020 |c 45000 
022 |a T 
040 |a IRC  |c IRC  |d IRC 
041 1 |a vie 
082 1 4 |a 337.15  |b LƯ-Đ 
100 1 |a Lưu Vĩnh Đoạn. 
245 1 0 |a Kinh tế châu Á bước vào thế kỷ 21 /  |c Lưu Vĩnh Đoạn ; Lê Văn Thanh dịch. 
260 |a Hà Nội :  |b Nông nghiệp,  |c 1999. 
300 |a 515 tr. ;  |c 20,5 cm. 
520 3 |a Bốn Rồng con khiến thế giới trầm trồ; Các nước ASEAN đứng dậy nhanh chóng. Nhật Bản cường quốc kinh tế thế giới. Trung Quốc tràn đầy sức sống với thời cơ mới... 
630 0 4 |a Kinh tế. 
650 0 4 |a Kinh tế  |z Châu Á  |y Thế kỷ 21. 
650 0 4 |a Kinh tế khu vực. 
700 1 |a Lê Văn Thanh,  |e dịch. 
OWN |a DUT 
999 |a From the UDN01 
TYP |a Monograph 
TYP |a Printed language 
980 |a Mạng thư viện Đại học Đà Nẵng